Score 0/26 Timer 03:00
0 Plays Today
Poet/Playwright Missing Word % Correct
Edgar Allan ___Poe
96.7%
___ WildeOscar
92.4%
___ Bernard ShawGeorge
87%
___ KiplingRudyard
84.9%
William ___Shakespeare
84.2%
___ ByronLord
83.6%
___ AngelouMaya
82.2%
___ MillerArthur
81.7%
___ DickinsonEmily
81.3%
___ MiltonJohn
81.2%
___ WilliamsTennessee
75.9%
Gore ___Vidal
72.8%
___ SimonNeil
68.5%
Poet/Playwright Missing Word % Correct
Robert ___Frost
63.3%
William Butler ___Yeats
62.1%
Samuel ___Beckett
58.7%
Henrik ___Ibsen
57.7%
Thornton ___Wilder
57.5%
Émile ___Zola
48.6%
___ MametDavid
48.1%
John ___Keats
39.8%
Anton ___Chekhov
34.7%
___ K. Le GuinUrsula
31.9%
___ VillaurrutiaXavier
26.2%
Lillian ___Hellman
25.8%
___ TroupeQuincy
10%

Today's Daily Dose

Remove Ads.
Support Sporcle.
Get the best of Sporcle when you Go Orange. This ad-free experience offers more features, more stats, and more fun while also helping to support Sporcle. Thank you for becoming a member.

You're not logged in!

Compare scores with friends on all Sporcle quizzes.
OR
Log In

Sporcle TV

Today on Sporcle TV


Watch our educational content, quiz creation guides, and fun videos on Sporcle TV.

Show Comments

Extras

Top Quizzes Today


Score Distribution

Paid Content

Your Account Isn't Verified!

In order to create a playlist on Sporcle, you need to verify the email address you used during registration. Go to your Sporcle Settings to finish the process.

Report this User

Report this user for behavior that violates our Community Guidelines.

Details: